00554 2200205 4500001002100000005001500021035002000036007000300056008004100059020002200100082001400122084002000136100002100156245007800177250001000255260003400265300001700299600002000316990001200336INLIS00000000000000920230627101019 a0010-0623000009ta230627 f  a978-602-7724-55-6 a899.221 3 a899.221 3 KAR m0 aKarina Citra Ayu1 aMy Handsome Devil :bCinta itu tak harus menunggu /cKarina Citra Ayu dkk acet 1 aYogyakarta :bde Teens,c2013 a184 ;c21 cm 4aFiksi Indonesia a17.0009